Asbestos ruling (Record no. 69102)
[ view plain ]
| 000 -LEADER | |
|---|---|
| fixed length control field | 01111cam a2200253 4500 |
| 001 - CONTROL NUMBER | |
| control field | WB3747-15 |
| 008 - FIXED-LENGTH DATA ELEMENTS--GENERAL INFORMATION | |
| fixed length control field | 011213n2001 000 0 eng u |
| 035 ## - SYSTEM CONTROL NUMBER | |
| System control number | (Sirsi) u115985 |
| 245 ## - TITLE STATEMENT | |
| Title | Asbestos ruling |
| 260 ## - PUBLICATION, DISTRIBUTION, ETC. | |
| Date of publication, distribution, etc. | 2001 |
| 490 ## - SERIES STATEMENT | |
| Series statement | Lord Chancellor's Department Press Release |
| Volume/sequential designation | (430) 10 December 2001, (1) |
| 520 ## - SUMMARY, ETC. | |
| Summary, etc. | In "Fairchild v Glenhaven Funeral Services Ltd," CA ruled that in six test cases where asbestos victims had been negligently exposed to asbestos dust by more than one employer, any could have caused the illness and so none were liable to pay compensation. Full text of judgment available at://www.courtservice.gov.uk/judgments/judg_home.htm |
| 590 ## - LOCAL NOTE (RLIN) | |
| Local note | WB |
| 650 ## - SUBJECT ADDED ENTRY--TOPICAL TERM | |
| Topical term or geographic name entry element | FAIRCHILD V GLENHAVEN FUNERAL SERVICES LTD AND OTHERS |
| 650 ## - SUBJECT ADDED ENTRY--TOPICAL TERM | |
| Topical term or geographic name entry element | FOX |
| 650 ## - SUBJECT ADDED ENTRY--TOPICAL TERM | |
| Topical term or geographic name entry element | PNEUMOCONIOSIS (WORKERS' COMPENSATION) ACT 1979 |
| 650 ## - SUBJECT ADDED ENTRY--TOPICAL TERM | |
| Topical term or geographic name entry element | MANAGEMENT-HEALTH AND SAFETY-HAZARDOUS SUBSTANCES-ASBESTOS |
| 650 ## - SUBJECT ADDED ENTRY--TOPICAL TERM | |
| Topical term or geographic name entry element | ASBESTIOSIS |
| 650 ## - SUBJECT ADDED ENTRY--TOPICAL TERM | |
| Topical term or geographic name entry element | MESOTHELIOMA |
| 650 ## - SUBJECT ADDED ENTRY--TOPICAL TERM | |
| Topical term or geographic name entry element | FACTORIES ACT 1961 S63(1) |
| 650 ## - SUBJECT ADDED ENTRY--TOPICAL TERM | |
| Topical term or geographic name entry element | OCCUPIERS LIABILITY ACT 1957 |
| 690 ## - LOCAL SUBJECT ADDED ENTRY--TOPICAL TERM (OCLC, RLIN) | |
| Topical term or geographic name as entry element | HEALTH AND SAFETY |
| 9 (RLIN) | 6244 |
| 942 ## - ADDED ENTRY ELEMENTS (KOHA) | |
| Suppress in OPAC | 0 |
| Withdrawn status | Lost status | Source of classification or shelving scheme | Damaged status | Not for loan | Home library | Current library | Shelving location | Date acquired | Total Checkouts | Full call number | Barcode | Date last seen | Copy number | Price effective from | Koha item type |
|---|---|---|---|---|---|---|---|---|---|---|---|---|---|---|---|
| Dewey Decimal Classification | London | London | News article | 13/12/2001 | WB3747-15 | 115985-1001 | 06/08/2019 | 1 | 06/08/2019 | News article |